[Event "EU-ch rapid"]
[Site "Minsk"]
[Date "2015.12.20"]
[Round "9"]
[White "Goganov, Aleksey"]
[Black "Popov, Maksim M"]
[Result "1-0"]
[WhiteElo "2597"]
[BlackElo "2280"]
[PlyCount "117"]
[EventDate "2015.12.19"]
[EventType "swiss (rapid)"]
[EventRounds "11"]
[EventCountry "BLR"]
[SourceTitle "EXT 2017"]
[Source "ChessBase"]
[SourceDate "2016.10.25"]
[SourceVersion "1"]
[SourceVersionDate "2016.10.25"]
[SourceQuality "1"]

1. c4 Nf6 2. g3 g6 3. Bg2 Bg7 4. Nc3 0-0 5. e4 d6 6. Nge2 c5 7. 0-0 Nc6 8. d3 a6 9. h3 Rb8 10. f4 Nd4 11. a4 Ne8 12. Kh2 b6 13. Rb1 Nc7 14. b4 cxb4 15. Rxb4 f5 16. Be3 e5 17. Qb1 Nce6 18. Bxd4 exd4 19. Nd5 Nc5 20. Nc1 Be6 21. exf5 Bxf5 22. Re1 a5 23. Rxb6 Nxa4 24. Rxb8 Qxb8 25. Ne7+ Kh8 26. Qxb8 Rxb8 27. Nc6 Rf8 28. Nxa5 Nc5 29. Bf1 h5 30. Nc6 Rc8 31. Ne7 Re8 32. g4 hxg4 33. hxg4 Bf6 34. gxf5 Rxe7 35. Rxe7 Bxe7 36. fxg6 Kg7 37. Ne2 Nxd3 38. Nxd4 Nxf4 39. Nf5+ Kxg6 40. Nxe7+ Kf7 41. Nd5 Ng6 42. Kg3 Ke8 43. Kf3 Kd7 44. Ke4 Kc6 45. Kd4 Ne5 46. Be2 Nd7 47. Bh5 Nc5 48. Be8+ Kb7 49. Bb5 Kc8 50. Nf6 Kc7 51. Kd5 Nd3 52. Ne8+ Kb6 53. Kxd6 Nf2 54. Nf6 Nd3 55. Bd7 Nb2 56. c5+ Ka7 57. Bb5 Nd1 58. c6 Nc3 59. Bd3 1-0